00396nam a2200121Ia 4500008004100000100002000041245008000061245001900141260000900160300003800169440004900207650001800256171207s9999 xx 000 0 und d aOwenby, Bill E. a The Potential of Animal-Assisted Therapy Within the Supervisory Alliance  cBill E. Owenby c2017 apages 146-159, January-March 2017 aJournal of Creativity in Mental Healthv12:1 aMENTAL HEALTH